Internal-combustion engines (Record no. 20584)

000 -LEADER
fixed length control field 00522nam a22001931 4500
001 - CONTROL NUMBER
control field 20584
003 - CONTROL NUMBER IDENTIFIER
control field BD-DhUET
008 - FIXED-LENGTH DATA ELEMENTS--GENERAL INFORMATION
fixed length control field 750306s1945 nyua b 000 0 eng
040 ## - CATALOGING SOURCE
Original cataloging agency DLC
Transcribing agency DLC
Modifying agency BD-DhUET
082 ## - DEWEY DECIMAL CLASSIFICATION NUMBER
Classification number 621.43
Item number MAL/1945
100 ## - MAIN ENTRY--PERSONAL NAME
Personal name Maleev, V. L.
245 10 - TITLE STATEMENT
Title Internal-combustion engines
Remainder of title theory and design
250 ## - EDITION STATEMENT
Edition statement 2nd ed.
260 ## - PUBLICATION, DISTRIBUTION, ETC. (IMPRINT)
Place of publication, distribution, etc. London
Name of publisher, distributor, etc. McGraw-Hill
Date of publication, distribution, etc. 1945
300 ## - PHYSICAL DESCRIPTION
Extent xii, 636 p.
Other physical details ill.
Dimensions 22 cm.
504 ## - BIBLIOGRAPHY, ETC. NOTE
Bibliography, etc Includes bibliographies
650 #0 - SUBJECT ADDED ENTRY--TOPICAL TERM
Topical term or geographic name as entry element Internal combustion engines
942 ## - ADDED ENTRY ELEMENTS (KOHA)
Koha item type General Book
Holdings
Koha full call number Lost status Koha item type Shelving location Piece designation (barcode) Damaged status Koha normalized classification for sorting Price effective from Withdrawn status Source of classification or shelving scheme Location (home branch) Koha date last seen Not for loan Date acquired Copy number Sublocation or collection (holding branch)
621.43/MAL/1945 General BookCirculation section20397 621_430000000000000_MAL_19452015-04-12  Central Library, BUET2015-04-12 2015-04-121Central Library, BUET
621.43/MAL/1945 General BookCirculation section6558 621_430000000000000_MAL_19452015-04-13  Central Library, BUET2015-04-13 2015-04-132Central Library, BUET
621.43/MAL/1945 General BookCirculation section1951a 621_430000000000000_MAL_19452015-04-13  Central Library, BUET2015-04-13 2015-04-133Central Library, BUET
621.43/MAL/1945 General BookCirculation section11309 621_430000000000000_MAL_19452015-04-18  Central Library, BUET2015-04-18 2015-04-184Central Library, BUET
621.43/MAL/1945 Reading ItemReading section43348 621_430000000000000_MAL_19452015-06-16  Central Library, BUET2015-06-16 2015-06-165Central Library, BUET
621.43/MAL/1945 Reading ItemReading section16327 621_430000000000000_MAL_19452015-06-30  Central Library, BUET2015-06-30 2015-06-306Central Library, BUET
621.43/MAL/1945 Reading ItemReading section43347 621_430000000000000_MAL_19452015-07-02  Central Library, BUET2015-07-02 2015-07-027Central Library, BUET